| 000 | 00872cam a2200313 4500 | ||
|---|---|---|---|
| 008 | 090401t1986 xxu||||| |||| 00| 0 eng d | ||
| 020 | _a0420469109 | ||
| 035 | _a(Sirsi) u56696 | ||
| 041 | _aeng | ||
| 050 | _a346.410438 | ||
| 100 | _aRuoff, Theodore B.F | ||
| 245 | _aRuoff and Roper on the law and practice of registered conveyancing | ||
| 250 | _a5th ed. | ||
| 260 |
_aLondon _bStevens and Sons _c1986 |
||
| 300 | _alxxiv, 1233p. ; 25cm. | ||
| 350 | _a95 | ||
| 490 | _aSweet and Maxwell Property and Conveyancing Library | ||
| 650 | _aCONVEYANCING | ||
| 650 | _aLAND REGISTRATION | ||
| 650 | _aREGISTRATION OF TITLE | ||
| 650 | _aRENTCHARGES | ||
| 650 | _aTORRENS SYSTEM | ||
| 690 | _aPROPERTY LAW AND PRACTICE | ||
| 700 | _aRoper, Robert B | ||
| 700 | _aPryer, E. John | ||
| 700 | _aWest, Christopher | ||
| 942 | _n0 | ||
| 948 | _c04/03/1997 | ||
| 999 |
_c93824 _d93824 |
||